Modelovanie transformačných systémov

Guardado en:
Detalles Bibliográficos
Autor principal: Mosný, Martin
Otros Autores: Mozolíková, Margita
Formato: Libro
Lenguaje:eslovaco
Publicado: Bratislava Veda 1986
Edición:1. vyd.
Etiquetas: Agregar Etiqueta
Sin Etiquetas, Sea el primero en etiquetar este registro!

MARC

LEADER 00000nam a2200000 4500
001 c024239
005 20221219100626.0
041 0 |a slo 
044 |a SK 
245 1 0 |a Modelovanie transformačných systémov  |c Martin Mosný, Margita Mozolíková 
250 |a 1. vyd. 
264 1 |a Bratislava  |b Veda  |c 1986 
300 |a 301 s. 
100 1 |a Mosný, Martin 
700 1 |a Mozolíková, Margita